=LDR 00000nam 2200000 4500 =001 INLIS000000000025884 =005 20130612124348 =008 ***********************************Ind** =035 ##$$0010-061300000025884 =041 ##$$a Ind =082 ##$$a F Rom D =090 ##$$a F Rom D, Had n =100 ##$$a Hadi, Wisran =245 ##$$a Negeri perempusan, Wisran Hadi =260 ##$$a 2001 $b Jakarta =300 ##$$a 272 hlm, 21 cm =650 ##$$a Fiksi Dewasa =850 ##$$a NBPNMAT